Кубанские исторические чтения (Запись № 12489680)

Подробности
000 -МАРКЕР
контрольное поле 02545nam0a2200385 4500
001 - ИДЕНТИФИКАТОР ЗАПИСИ
контрольное поле RU\NLR\BIBL_A\012871162
005 - ИДЕНТИФИКАТОР ВЕРСИИ
контрольное поле 20260405234715.0
010 ## - МЕЖДУНАРОДНЫЙ СТАНДАРТНЫЙ НОМЕР КНИГИ (ISBN)
Номер (ISBN) 978-5-00202-090-4
Тираж 500
035 ## - ДРУГИЕ СИСТЕМНЫЕ НОМЕРА
Идентификатор записи (NLR Aleph) 012871162
100 ## - ДАННЫЕ ОБЩЕЙ ОБРАБОТКИ
Данные общей обработки 20220819d2022 |||y0rusy50 ca
101 0# - ЯЗЫК РЕСУРСА
Язык текста, звукозаписи и т.д. русский
Язык резюме английский
102 ## - СТРАНА ПУБЛИКАЦИИ ИЛИ ПРОИЗВОДСТВА
Страна публикации российская федерация
105 ## - ПОЛЕ КОДИРОВАННЫХ ДАННЫХ: ТЕКСТОВЫЕ МАТЕРИАЛЫ, МОНОГРАФИЧЕСКИЕ
Кодированные данные о монографическом текстовом документе y z 100zy
181 #0 - ПОЛЕ КОДИРОВАННЫХ ДАННЫХ: ВИД СОДЕРЖАНИЯ
Код вида содержания (ISBD) i4
Код характеристики содержания (ISBD) axxe
182 #0 - ПОЛЕ КОДИРОВАННЫХ ДАННЫХ: ТИП СРЕДСТВА
Код типа средства (ISBD) n - непосредственное
200 1# - ЗАГЛАВИЕ И СВЕДЕНИЯ ОБ ОТВЕТСТВЕННОСТИ
Основное заглавие Кубанские исторические чтения
Сведения, относящиеся к заглавию XIII Международная научно-практическая конференция (г. Краснодар, 30 июня 2022 г.)
Первые сведения об ответственности Российское общество интеллектуальной истории (РОИИ), Краснодарское отделение Российского общества интеллектуальной истории, Социально-гуманитарный вестник (г. Краснодар)
Последующие сведения об ответственности ответственные редакторы: Курусканова Н. П., Улезко Б. В.
203 ## - ВИД СОДЕРЖАНИЯ И ТИП СРЕДСТВА
Вид содержания Текст
Дополнительные сведения об издании визуальный
Тип средства непосредственный
210 ## - ПУБЛИКАЦИЯ, РАСПРОСТРАНЕНИЕ И ДР.
Место издания, распространения и т.д. Барнаул
Имя издателя, распространителя и т. д. И.П. Колмогоров И. А.
Дата издания, распространения и т.д. 2022
215 ## - ФИЗИЧЕСКАЯ ХАРАКТЕРИСТИКА
Специфическое обозначение материала и объем 193 с.
Размеры 21
300 ## - ОБЩИЕ ПРИМЕЧАНИЯ
Текст примечания В вып. дан. и в макете подзаг.: материалы XIII Международной научно-практической конференции (г. Краснодар, 30 июня 2022 г.)
300 ## - ОБЩИЕ ПРИМЕЧАНИЯ
Текст примечания Рез. англ.
320 ## - ПРИМЕЧАНИЯ О НАЛИЧИИ В ДОКУМЕНТЕ БИБЛИОГРАФИИ / УКАЗАТЕЛЯ
Текст примечания Библиогр. в примеч. в конце ст.
606 1# - НАИМЕНОВАНИЕ ТЕМЫ КАК ПРЕДМЕТ
Наименование темы Исторические науки
Формальный подзаголовок Съезды, совещания и т.п
Системный номер авторитетной/нормативной записи 2155871
Идентификатор авторитетной/нормативной записи RU\NLR\AUTH\661297882
606 1# - НАИМЕНОВАНИЕ ТЕМЫ КАК ПРЕДМЕТ
Наименование темы Всеобщая история
Формальный подзаголовок Съезды, совещания и т.п
Системный номер авторитетной/нормативной записи 1324332
Идентификатор авторитетной/нормативной записи RU\NLR\AUTH\66234889
686 1# - ИНДЕКСЫ ДРУГИХ КЛАССИФИКАЦИЙ
Индекс Т.я431
686 1# - ИНДЕКСЫ ДРУГИХ КЛАССИФИКАЦИЙ
Индекс Т3(0)я431
702 #1 - ИМЯ ЛИЦА - ВТОРИЧНАЯ ОТВЕТСТВЕННОСТЬ
Код отношения Редактор
Материалы, к которым относится поле rus
Графика поля Кириллица
Начальный элемент ввода Курусканова
Часть имени, кроме начального элемента ввода Н. П.
Даты 1965-
Расширение инициалов личного имени Наталия Петровна
Идентификатор авторитетной/нормативной записи RU\NLR\AUTH\77108354
Системный номер авторитетной/нормативной записи 91279
711 12 - НАИМЕНОВАНИЕ ОРГАНИЗАЦИИ - АЛЬТЕРНАТИВНАЯ ОТВЕТСТВЕННОСТЬ
Начальный элемент ввода "Кубанские исторические чтения", международная научно-практическая конференция
Порядковый номер временной организации и / или порядковый номер ее части 13
Место проведения временной организации Краснодар
Дата проведения временной организации 2022
Системный номер авторитетной/нормативной записи 806951
Идентификатор авторитетной/нормативной записи RU\NLR\AUTH\880570340
712 02 - НАИМЕНОВАНИЕ ОРГАНИЗАЦИИ - ВТОРИЧНАЯ ОТВЕТСТВЕННОСТЬ
Код отношения Прочие
Начальный элемент ввода Российское общество интеллектуальной истории
Структурное подразделение Краснодарское отделение
Системный номер авторитетной/нормативной записи 806955
Идентификатор авторитетной/нормативной записи RU\NLR\AUTH\880570342
942 ## - ДОПОЛНИТЕЛЬНЫЕ ЭЛЕМЕНТЫ ЗАПИСИ (АБИС)
Тип экземпляра АБИС Книга
980 ## - КОЛЛЕКЦИЯ
Название коллекции Национальная библиография
Экземпляры
Тип экземпляра Дата поступления Источник поступления Стоимость Библиотека постоянного хранения Библиотека текущего хранения Место хранения Шифр хранения Штрих-код Статус не для выдачи
Книга 19.08.2022 Дар 200.00 РНБ (Московский) РНБ (Московский) Русский книжный фонд: издания с 1957 года, 8этаж, Хран. 2022-3/22806 1-3729584